Mecánica de materiales

Guardat en:
Dades bibliogràfiques
Autor principal: Beer, Ferdinand Pierre (Autor)
Format: Llibre
Idioma:espanyol
Publicat: Ciudad de México McGraw-Hill Interamericana 2004
Edició:3a. ed
Matèries:
Etiquetes: Afegir etiqueta
Sense etiquetes, Sigues el primer a etiquetar aquest registre!

MARC

LEADER 00000nam a2200000 a 4500
001 UCK3539
003 CL-VaPUC
008 050429e20040000MX |||||||||||||||||spa|d
020 |a 9701039505 
082 0 4 |a 620.1123  |b BEE  |2 21 
100 0 |a Beer, Ferdinand Pierre  |e author  |9 491612 
245 1 0 |a Mecánica de materiales 
250 |a 3a. ed 
300 |a 790 p 
942 |c BK 
945 |d 20050429 00:00:00  |a cmena 
260 |a Ciudad de México  |b McGraw-Hill Interamericana  |c 2004 
500 |a Incluye Cd-Rom 
650 0 |a Resistencia de materiales  |9 260095 
650 0 |a Propiedades físicas  |9 342981 
650 7 |a ESFUERZOS Y DEFORMACIONES  |2 CL-VaPUC  |9 262658 
650 0 |a Carga axial   |9 418457 
650 0 |a Torsión   |9 266757 
583 |a last modification  |c 20050429 00:00:00  |k Rodrigo Vera 
999 |c 312674  |d 312672 
952 |0 0  |1 0  |4 0  |6 620_112300000000000_BEE_2004  |7 0  |8 R  |9 383305  |a BIBMEC  |b BIBMEC  |d 2019-11-21  |i 4119517  |o 620.1123 BEE 2004  |p 4119517  |r 2024-01-19  |w 2019-11-21  |y BK_R  |k MEC 
952 |0 0  |1 0  |2 ddc  |4 0  |6 620_112300000000000_BEE_2004  |7 0  |8 R  |9 383306  |a BIBMEC  |b BIBMEC  |d 2019-11-21  |i 4119525  |l 4  |o 620.1123 BEE 2004  |p 4119525  |r 2024-04-10  |s 2024-04-03  |w 2019-11-21  |y BK_R  |k MEC 
952 |0 0  |1 0  |4 0  |6 620_112300000000000_BEE_2004  |7 0  |8 R  |9 383307  |a BIBMEC  |b BIBMEC  |d 2019-11-21  |i 4119533  |l 13  |o 620.1123 BEE 2004  |p 4119533  |r 2024-04-15  |s 2024-04-08  |w 2019-11-21  |y BK_R  |k MEC 
952 |0 0  |1 0  |4 0  |6 620_112300000000000_BEE_2004  |7 0  |8 R  |9 383308  |a BIBMEC  |b BIBMEC  |d 2019-11-21  |i 4119541  |l 6  |m 2  |o 620.1123 BEE 2004  |p 4119541  |r 2024-01-19  |s 2023-07-10  |w 2019-11-21  |y BK_R  |k MEC 
952 |0 0  |1 0  |2 ddc  |4 0  |6 620_112300000000000_BEE_2004  |7 0  |8 A  |9 383309  |a BIBING  |b BIBING  |c RES  |d 2019-11-21  |i 4198468  |l 9  |o 620.1123 BEE 2004  |p 4198468  |r 2025-01-20  |s 2024-09-30  |w 2019-11-21  |y BK  |k TRA